00386nam a2200145Ia 4500008004100000020001500041041001200056082001600068100002000084245006000104260004800164300000800212650000800220700001200228221030s9999 xx 000 0 und d a8122403077 aEnglish a105.23bCho aD. R. Choudhury 0aLinear Integrated Circuitscby D. R. Choudhury, S. Jain bNew Age International Pub.aNew Delhic1999 a456 aECE aS. Jain